| 000 | 00583cam a22002052 4500 | ||
|---|---|---|---|
| 001 | 0000007484 | ||
| 005 | 20151217154402.0 | ||
| 008 | 080207s xx 000 0 eng d | ||
| 020 |
_a042188410x : _cKES |
||
| 040 |
_aKABU _cKABU |
||
| 100 | 1 |
_aWallace, Rebecca M. M. _@0000158695 |
|
| 245 | 1 | 0 |
_aInternational law / _cRebecca M. M. Wallace. |
| 250 | _a5th ed. | ||
| 260 |
_aLondon : _bSweet & Maxwell, _c2005. |
||
| 300 | _axxxix, 370 p. | ||
| 650 | 0 |
_aInternational law. _@0000158696 |
|
| 908 | _a080207 | ||
| 950 | _@1 | ||
| 999 |
_c10941 _d10941 |
||